Turbulence (Record no. 5373)

000 -LEADER
fixed length control field 00511nam a2200205 i 4500
001 - CONTROL NUMBER
control field 5373
003 - CONTROL NUMBER IDENTIFIER
control field BD-DhUET
008 - FIXED-LENGTH DATA ELEMENTS--GENERAL INFORMATION
fixed length control field 750220s1975 nyua b 001 0 eng
020 ## - INTERNATIONAL STANDARD BOOK NUMBER
International Standard Book Number 0070290377
040 ## - CATALOGING SOURCE
Original cataloging agency DLC
Transcribing agency DLC
Modifying agency BD-DhUET
082 00 - DEWEY DECIMAL CLASSIFICATION NUMBER
Classification number 532.56
Item number HIN/1975
100 1# - MAIN ENTRY--PERSONAL NAME
Personal name Hinze, J. O.
245 00 - TITLE STATEMENT
Title Turbulence
250 ## - EDITION STATEMENT
Edition statement 2nd ed.
260 ## - PUBLICATION, DISTRIBUTION, ETC. (IMPRINT)
Place of publication, distribution, etc. New York
Name of publisher, distributor, etc. McGraw-Hill
Date of publication, distribution, etc. 1975
300 ## - PHYSICAL DESCRIPTION
Extent x,790p.
Other physical details ill.
Dimensions 24 cm.
490 0# - SERIES STATEMENT
Series statement McGraw-Hill series in mechanical engineering
650 #0 - SUBJECT ADDED ENTRY--TOPICAL TERM
Topical term or geographic name as entry element Turbulence
942 ## - ADDED ENTRY ELEMENTS (KOHA)
Koha item type General Book
Holdings
Piece designation (barcode) Location (home branch) Copy number Source of classification or shelving scheme Lost status Koha date last seen Koha full call number Koha item type Shelving location Koha issues (times borrowed) Price effective from Sublocation or collection (holding branch) Koha normalized classification for sorting Not for loan Date acquired Damaged status Withdrawn status Koha date last borrowed
63813Central Library, BUET1  2014-11-26532.56/HIN/1975General BookCirculation section 2014-11-26Central Library, BUET532_560000000000000_HIN_1975 2014-11-26   
63816Central Library, BUET2  2014-11-26532.56/HIN/1975General BookCirculation section 2014-11-26Central Library, BUET532_560000000000000_HIN_1975 2014-11-26   
44334Central Library, BUET3  2014-12-07532.56/HIN/1975General BookCirculation section 2014-12-07Central Library, BUET532_560000000000000_HIN_1975 2014-12-07   
63807Central Library, BUET4  2014-12-07532.56/HIN/1975General BookCirculation section 2014-12-07Central Library, BUET532_560000000000000_HIN_1975 2014-12-07   
63812Central Library, BUET5  2015-03-29532.56/HIN/1975General BookCirculation section12014-12-07Central Library, BUET532_560000000000000_HIN_1975 2014-12-07  2015-03-25
63805Central Library, BUET6  2014-12-07532.56/HIN/1975General BookCirculation section 2014-12-07Central Library, BUET532_560000000000000_HIN_1975 2014-12-07   
63810Central Library, BUET7  2014-12-07532.56/HIN/1975General BookCirculation section 2014-12-07Central Library, BUET532_560000000000000_HIN_1975 2014-12-07   
63808Central Library, BUET8  2014-12-07532.56/HIN/1975General BookCirculation section 2014-12-07Central Library, BUET532_560000000000000_HIN_1975 2014-12-07   
63809Central Library, BUET9  2014-12-07532.56/HIN/1975General BookCirculation section 2014-12-07Central Library, BUET532_560000000000000_HIN_1975 2014-12-07   
63806Central Library, BUET10  2023-02-28532.56/HIN/1975General BookCirculation section12014-12-07Central Library, BUET532_560000000000000_HIN_1975 2014-12-07  2022-11-14
63815Central Library, BUET11  2015-09-14532.56/HIN/1975General BookCirculation section12014-12-07Central Library, BUET532_560000000000000_HIN_1975 2014-12-07  2015-05-26
39158Central Library, BUET12  2015-03-09532.56/HIN/1975General BookCirculation section 2015-03-09Central Library, BUET532_560000000000000_HIN_1975 2015-03-09   
58968Central Library, BUET13  2015-06-07532.56/HIN/1975Reading ItemReading section 2015-06-07Central Library, BUET532_560000000000000_HIN_1975 2015-06-07   
60653Central Library, BUET14  2015-06-07532.56/HIN/1975Reading ItemReading section 2015-06-07Central Library, BUET532_560000000000000_HIN_1975 2015-06-07   
52729Central Library, BUET15  2015-06-23532.56/HIN/1975Reading ItemReading section 2015-06-23Central Library, BUET532_560000000000000_HIN_1975 2015-06-23   
63811Central Library, BUET16  2024-11-27532.56 HIN/1975General BookCirculation section12024-11-16Central Library, BUET532_560000000000000_HIN_1975 1985-06-29  2024-11-27
 Central Library, BUET   2024-11-16532.56 HIN/1975General Book  2024-11-16Central Library, BUET532_560000000000000_HIN_1975 2024-11-16   
39159Central Library, BUET18  2024-11-16532.56 HIN/1975General BookCirculation section 2024-11-16Central Library, BUET532_560000000000000_HIN_1975 2025-09-03